| 000 | 01209nabaa22002297a 4500 | ||
|---|---|---|---|
| 999 |
_c6279 _d6279 |
||
| 003 | OSt | ||
| 005 | 20260128224450.0 | ||
| 008 | 190701b xxu||||| |||| 00| 0 spa d | ||
| 040 | _cPJ | ||
| 100 |
_96896 _aBonato, Mauro R. |
||
| 245 | 1 | 0 |
_aMás sobre la obligación de motivar actos administrativos / _cMauro R. Bonato. |
| 300 | _ap. 44-63 | ||
| 500 | _aCita: TR LALEY AR/DOC/3276/2024 | ||
| 505 | _aSumario: I. Introducción.— II. Motivación: concepto e idea.— III. Finalidad de una debida motivación.— IV. Motivación en derecho comparado.— V. Motivación en la Ley Nacional de Procedimientos Administrativos.— VI. Contenido de la motivación.— VII. Ubicación metodológica de la motivación.— VIII. Vicios en la motivación.— IX. A modo de colofón. | ||
| 505 | _t¿Te interesa el texto completo? Comunicate al correo: koha@justierradelfuego.gov.ar | ||
| 650 | 0 |
_9211 _aDERECHO ADMINISTRATIVO |
|
| 650 | 0 |
_91135 _aPROCEDIMIENTO ADMINISTRATIVO |
|
| 650 | 0 |
_91171 _aACTO ADMINISTRATIVO |
|
| 650 | 0 |
_9178 _aDERECHO CONSTITUCIONAL |
|
| 773 | 0 |
_02842 _93251 _dBuenos Aires : AbeledoPerrot, 2012- _oDA121 _tDerecho administrativo. Nº 157 enero/febrero 2025 _z18510590 |
|
| 942 |
_2udc _cANA |
||